Thiết kế đồ họa với Coreldraw
Sách giới thiệu các công cụ, các kỹ thuật từ căn bản đến nâng cao để thiết kế đồ họa với Coreldraw
Αποθηκεύτηκε σε:
| Κύριος συγγραφέας: | |
|---|---|
| Μορφή: | Βιβλίο |
| Γλώσσα: | Undetermined |
| Έκδοση: |
Hà Nội
Thống Kê
2003
|
| Θέματα: | |
| Ετικέτες: |
Προσθήκη ετικέτας
Δεν υπάρχουν, Καταχωρήστε ετικέτα πρώτοι!
|
| Thư viện lưu trữ: | Trung tâm Học liệu Trường Đại học Cần Thơ |
|---|
| LEADER | 00823nam a2200217Ia 4500 | ||
|---|---|---|---|
| 001 | CTU_91689 | ||
| 008 | 210402s9999 xx 000 0 und d | ||
| 020 | |c 47500 | ||
| 082 | |a 006.68 | ||
| 082 | |b K304 | ||
| 100 | |a Hồ, Hoàn Kiếm | ||
| 245 | 0 | |a Thiết kế đồ họa với Coreldraw | |
| 245 | 0 | |c Hồ Hoàn Kiếm, Hồ Xuân Phương | |
| 260 | |a Hà Nội | ||
| 260 | |b Thống Kê | ||
| 260 | |c 2003 | ||
| 520 | |a Sách giới thiệu các công cụ, các kỹ thuật từ căn bản đến nâng cao để thiết kế đồ họa với Coreldraw | ||
| 650 | |a Computer graphics,Computer,Corel draw (computer programs) | ||
| 650 | |x Computer programs,Aided design | ||
| 904 | |i Năm | ||
| 980 | |a Trung tâm Học liệu Trường Đại học Cần Thơ | ||